Datum a čas kvízu
28.5
Celkem bodů
Celkový počet nahraných bodů na tomto kvízu bez doplňovacích otázek.
6.
Pořadí na kvízu
Konečné umístění týmu na tomto kvízu.
Zaznamenané odpovědi
| # | Otázka | Odpověď | Body | Výsledky |
|---|---|---|---|---|
| 1. | Centrum pro výzkum veřejného m... | A | 1 | |
| 2. | Další francouzský kostel zachv... | Nantes | 1 | |
| 3. | Jak se nazývá pražské muzeum,... | Museum Kampa | 1 | |
| 4. | Společnost Huawei se dohodla s... | Seznam.cz | 1 | |
| 5. | V uplynulém týdnu se v českých... | Nicolae Stanciu | 0 | |
| 6. | Putování po našich dálnicích n... | Český Šternberk | 0 | |
| 7. | Na D1 ještě zůstaneme. Již od... | U Rybiček | 0 | |
| 8. | Když pojedeme po D8, nemůžeme... | V tomto roce zde byl vyzvednut základní kámen pro stavbu Národního divadla. | 0 | |
| 9. | Po dálnici D10 se dostaneme až... | Kopicův statek | 0 | |
| 10. | Přiřaďte následující zajímavá... | 1A 2C 3D 4B | 0 |